|
|
|
|
| LEADER |
00000nam0a2200000 4500 |
| 001 |
149212 |
| 005 |
20231031145753.0 |
| 035 |
|
|
|a (RuTPU)RU\TPU\book\161753
|
| 090 |
|
|
|a 149212
|
| 100 |
|
|
|a 20081212d1990 m y0rusy50 ca
|
| 101 |
0 |
|
|a rus
|
| 102 |
|
|
|a RU
|
| 105 |
|
|
|a a j 001zy
|
| 200 |
1 |
|
|a Лабораторный практикум по технологии машиностроения
|e учебное пособие
|f А. Н. Воронцова, Н. А. Чернышев
|
| 210 |
|
|
|a Волгоград
|d 1990
|
| 215 |
|
|
|a 127 с.
|c ил.
|
| 320 |
|
|
|a Библиогр.: с. 124-125.
|
| 610 |
1 |
|
|a машиностроение
|
| 610 |
1 |
|
|a технология
|
| 610 |
1 |
|
|a учебные пособия
|
| 610 |
1 |
|
|a лабораторные работы
|
| 610 |
1 |
|
|a техника безопасности
|
| 610 |
1 |
|
|a погрешности
|
| 610 |
1 |
|
|a настройка
|
| 675 |
|
|
|a 621.002(076.5)
|v 3
|
| 700 |
|
1 |
|a Воронцова
|b А. Н.
|g Алла Николаевна
|
| 701 |
|
1 |
|a Чернышев
|b Н. А.
|g Николай Александрович
|
| 801 |
|
1 |
|a RU
|b 63413507
|c 20081212
|g PSBO
|
| 801 |
|
2 |
|a RU
|b 63413507
|c 20130702
|g PSBO
|
| 942 |
|
|
|c BK
|